Mother Mother discography - By first letter - Statistics

General Stats
  • This quiz has been taken 29 times
    6 since last reset
  • The average score is 85 of 183
Answer Stats
Hint Answer % Correct
A Angry Sea
100%
A Arms Tonite
100%
A Aspiring Fires
100%
B Body
100%
B Burning Pile
100%
B Business Man
100%
D Devil Town
100%
D Dirty Town
100%
F Family
100%
F FINGER
100%
F Frying Pan
100%
G Grief Chapter
100%
H Hayloft
100%
H Hayloft II
100%
I I Go Hungry
100%
I Inside
100%
L Little Pistol
100%
M Make Believe
100%
N No Culture
100%
O Oh Ana
100%
O Oleander
100%
O O My Heart
100%
P Problems
100%
S Sick Of The Silence
100%
S Sleep Awake
100%
S Station Wagon
100%
T The Stand
100%
T Touch Up
100%
T Two
100%
U Until It Doesn't Hurt
100%
V Verbatim
100%
B Back In School
67%
B Back To Life
67%
B Ball Cap
67%
B Better Of Me
67%
B Biting On A Rose
67%
B Body Of Years
67%
B Bottom Is A Rock
67%
C Carve A Name
67%
C Cry Christmas
67%
D Dance And Cry
67%
E Everything Is Happening
67%
G Ghosting
67%
G Give Me Back The Night
67%
G Good At Loving You
67%
H Happy
67%
H Have It Out
67%
H Heart Heavy
67%
I I Must Cry Out Loud
67%
I Infinitesimal
67%
I In The Wings
67%
I It's Alright
67%
L Letter
67%
L Life
67%
L Like A Child
67%
L little mistake
67%
L Love It Dissipates
67%
L Love Stuck
67%
L Love To Death
67%
M Mano A Mano
67%
M Me & You
67%
M Miles
67%
M Monkey Tree
67%
M Mouth Of The Devil
67%
N Namaste
67%
N Neighbour
67%
N Nostalgia
67%
O Omen
67%
O Only Love
67%
P Pure Love
67%
R Reaper Man
67%
S Seven
67%
S Shout If You Know
67%
S Silent Night
67%
S Simply Simple
67%
S Stay Behind
67%
T The Drugs
67%
T The Sticks
67%
T Tic Toc
67%
V Very Good Bad Thing
67%
W Wisdom
67%
A All Gone
33%
A All The Dying
33%
A Alone And Sublime
33%
A Arms Tonite DEMMO 2007
33%
B Baby Boy
33%
B Baby Don't Dance
33%
B Bit By Bit
33%
B Born In A Flash
33%
B Breathe
33%
C Calm Me Down
33%
C Carve A Name DEMMO 2010
33%
C Cesspool Of Love
33%
C Chasing It Down
33%
C Cut The String
33%
D Dirty Devil Town
33%
D Dirty Town - Mother Version
33%
D Dread In My Heart
33%
E End Of Me
33%
E Explode!
33%
F Far In Time
33%
F Fat Kids
33%
F Forever
33%
F Forever And A Bit
33%
F Forgotten Souls
33%
F Free
33%
G Getaway
33%
G Getaway DEMMO 2010
33%
G Get Out The Way
33%
G Get Up
33%
G Girl Alone
33%
G God's Plan
33%
G Good At Loving You DEMMO 2005
33%
H Have Yourself A Merry Little Christmas
33%
H Home Recording
33%
I I Got Love
33%
J Jump The Fence
33%
K Keep
33%
K Kept Down
33%
L Latter Days
33%
L Legs Away
33%
L Let's Fall In Love
33%
L Little Hands
33%
L Love And Truth
33%
M Modern Love
33%
O Oh Ana - Mother Version
33%
O ON AND ON (Song For Jasmin)
33%
O Original Spin
33%
P Polynesia
33%
P Problems DEMMO 2010
33%
S Salt And Pepper Shaker DEMMO 2005
33%
S So Down
33%
T The Cry Forum
33%
T The Knack
33%
T The Matrix
33%
T The Stand DEMMO 2010
33%
T To Regret
33%
T To The Wild
33%
T Train Of Thought
33%
T Try To Change
33%
W Waiting For The World To End
33%
W Weep
33%
W Worry
33%
W Wrecking Ball
33%
B Babies
0%
B Body DEMMO 2007
0%
B Bright Idea
0%
B Burning Pile DEMMO 2007
0%
C Conversations
0%
D Days
0%
E Empty Hands
0%
G Get Out The Way DEMMO 2013
0%
G Goddamn Staying Power
0%
G Grief Chapter DEMMO 2022
0%
H Had It All
0%
H Hayloft (Burning Barn Acoustic)
0%
H Hayloft II (Burning Barn Acoustic)
0%
H Hayloft II (Dark Verb Mix)
0%
H Hayloft II DEMMO 2021
0%
H Hayloft II (DNMO Mix)
0%
H Hayloft II (SMASHUP)
0%
H Head Shrink
0%
H Head Shrink DEMMO 2021
0%
H HOT TO GO! - Spotify Singles
0%
I Insane
0%
I Inside DEMMO 2020
0%
L Like A Child - Piano Demo
0%
L Love Stuck DEMMO 2016
0%
M Mamma Told Me
0%
M Monkey Tree - UK Mix
0%
N Nobody Escapes
0%
N Nobody Escapes DEMMO 2022
0%
N No One To Nothing
0%
N Normalize
0%
O Oh Ana DEMMO 2005
0%
O Oh ana - Spotify Singles
0%
P Play
0%
S Slip Away
0%
S Stay Behind DEMMO 2018
0%
T The Sticks DEMMO 2012
0%
T To My Heart
0%
T Turpentine
0%
V Verbatim DEMMO 2005
0%
No matching quizzes found
Score Distribution
Percent of People with Each Score
Percentile by Number Answered
Your Score History
You have not taken this quiz since the last reset